000 00892nam a2200241Ia 4500
001 16000
003 GE_BSU
008 181216s||||||||xx |||||||||||||| ||und||
040 _cGE_BSU
080 _a821.353.1.092
100 _aჯავახიშვილი, თინათინ
245 _aწარსულიდან მოგონებები
245 _bმთარგმნელის მოგონებები
245 _cრედ.რ.ჯაფარიძე. მხ. დ. დუნდუა
260 _aთბილისი
260 _bსაბჭ. საქართველო
260 _c1969.
300 _a104გვ. ; 17სმ
653 _aმთარგმნელის მოგონებები
653 _aქართველი მწერლები;
653 _aწარსულიდან
942 _cBK
999 _c49093
_d49093